000 00583nam a22002057a 4500
003 OSt
005 20170328131118.0
008 140630b xxu||||| |||| 00| 0 eng d
020 _a0632064676
040 _cDNLM
100 _aEdited by stephen, P. Denyer; Norman, A. Hodges
_911983
245 _aHugo & Russell's Pharmaceutical Microbiology
250 _a7th ed
260 _aMassachusetts;
_bBlackwell,
_c2004
300 _ax; 481pm,
_bill;
_c24cm
504 _aReferences, & index included
650 _aPharmaceuticals
_95840
650 _aMicrobiology
_9749
942 _2lcc
_cO_SHELF
999 _c37
_d37